000 00324nam a22001217a 4500
003 OSt
008 231114b |||||||| |||| 00| 0 eng d
041 _aeng
100 _aChandu Menon, O.
_95615
245 _aIndulekha :
_bnovel from Malabar /
260 _aCalicut:
_bMathrubhumi printing & publishing co.
_c1965
942 _cBK
999 _c17831
_d17831